| 000 | 00897nas a2200277 4500 | ||
|---|---|---|---|
| 001 | BR0302863 | ||
| 003 | BR-BrBNA | ||
| 005 | 20231205103843.0 | ||
| 007 | ta | ||
| 008 | 230509b bl.|||p| |||| 00| 00por d | ||
| 040 |
_aBR-BrBNA _bpor _cBiblioteca Nacional de Agricultura |
||
| 041 | _a(Pt) | ||
| 072 | _aJ10; F03 | ||
| 100 | 1 | _aLacerda, S.N.B. | |
| 100 | 1 | _aMata, M.E.R.M.C. | |
| 100 | 1 | _aBraga, M.E.D. | |
| 100 | 1 | _aSilva, F. de A.S. e | |
| 245 | 1 | _aEstudo comparativo da crioarmazenagem de semente de pau-ferro (Caesalpinia ferrea Mart.)com as técnicas convencionais de armazenagem | |
| 650 | _aJUCA | ||
| 650 | _aSEMENTE | ||
| 650 | _aARMAZENAMENTO | ||
| 650 | _aCRIOSCOPIA | ||
| 773 | 0 |
_tRevista Brasileira de Produtos Agroindustriais (Brazil) _xISSN 1517-8595 _g(Jan-Jun 2002), v. 4(1) p. 7-14 _wBR0302863 |
|
| 909 |
_a202311 _bLúcia _c55 _dLúcia Elande |
||
| 942 |
_2AGRIS _n0 _cANA |
||
| 999 |
_c175085 _d175085 |
||